[Event "Lisbon Simoes Memorial 3rd"]
[Site "Lisbon"]
[Date "2019.10.23"]
[Round "4"]
[White "Correia, Pedro Mourao Soares"]
[Black "Varela, Joaquim Antonio An"]
[Result "0-1"]
[WhiteElo "1529"]
[BlackElo "1792"]
[PlyCount "70"]
[EventDate "2019.10.02"]
[EventType "swiss"]
[EventRounds "5"]
[EventCountry "POR"]
[SourceTitle "CBM 192 Extra"]
[Source "Chessbase"]
[SourceDate "2019.11.06"]
[SourceVersion "1"]
[SourceVersionDate "2019.11.06"]
[SourceQuality "1"]

1. e4 c5 2. Nf3 e6 3. Nc3 a6 4. d4 cxd4 5. Nxd4 Qc7 6. Bd3 Nf6 7. 0-0 b5 8. Be3 Be7 9. f4 d6 10. Qe2 Bb7 11. Rad1 0-0 12. Bf2 Nbd7 13. Nf3 b4 14. Na4 e5 15. fxe5 dxe5 16. c3 Bc6 17. b3 Bxa4 18. bxa4 bxc3 19. Nh4 g6 20. Bc2 Nc5 21. Qc4 Ng4 22. Bg3 Ne3 23. Qxc3 Nxd1 24. Rxd1 Bf6 25. Nf3 Rfe8 26. Rd5 Ne6 27. Qxc7 Nxc7 28. Rc5 Ne6 29. Rd5 Rad8 30. Bxe5 Bxe5 31. Nxe5 Rxd5 32. exd5 Nd4 33. Nc6 Nxc2 34. d6 Re1+ 35. Kf2 Rd1 0-1

[Event "Lisbon Cup 26th"]
[Site "Lisbon"]
[Date "2015.03.01"]
[Round "3"]
[White "Avelino, Camila Biscaya"]
[Black "Varela, Joaquim Antonio An"]
[Result "0-1"]
[WhiteElo "1382"]
[BlackElo "1763"]
[PlyCount "72"]
[EventDate "2015.01.18"]
[EventType "swiss"]
[EventRounds "7"]
[EventCountry "POR"]
[SourceTitle "EXT 2017"]
[Source "ChessBase"]
[SourceDate "2016.10.25"]
[SourceVersion "1"]
[SourceVersionDate "2016.10.25"]
[SourceQuality "1"]

1. e4 c5 2. d4 cxd4 3. c3 dxc3 4. Nxc3 d6 5. Bc4 e6 6. Nf3 Qc7 7. Bb3 a6 8. 0-0 Nf6 9. Qe2 Nbd7 10. Be3 b6 11. Rac1 Qb8 12. Rfd1 Be7 13. h3 0-0 14. Nd4 Bb7 15. Bc4 Re8 16. Qf3 Qc7 17. Qg3 Kh8 18. Nf3 h6 19. Bd3 Qd8 20. e5 dxe5 21. Nxe5 Nxe5 22. Qxe5 Bd6 23. Qd4 Bc5 24. Qf4 Qb8 25. Qh4 Bxe3 26. fxe3 Qe5 27. e4 Rac8 28. Re1 b5 29. a3 Qd4+ 30. Kh1 Qxd3 31. e5 Nh7 32. Rf1 Ng5 33. Qg4 Rc4 34. Qh5 Kg8 35. h4 Qh3+ 36. Kg1 Qxg2# 0-1